- Gool, Van,
Entry Nombre Personal
001 - NUMERO DE CONTROL
- campo de control: 51228
003 - IDENTIFICADOR DE NUMERO DE CONTROL
- campo de control: MX-MxUPN
005 - FECHA Y HORA DE LA ÜLTIMA TRANSACCIÓN
- campo de control: 20240228100205.0
008 - DATOS DE LONGITUD FIJA
- campo de control de longitud fija: 240227nn acnnnaabn n aaa d
040 ## - FUENTE DE CATALOGACIÓN
- Agencia original de catalogación: MX-MxUPN
- Lenguaje de catalogación: spa
100 1# - ENCABEZAMIENTO - NOMBRE PERSONAL
- Nombre personal: Gool, Van,
- Date of a work: 1931
374 ## - OCUPACIÓN
- Occupation: Autor
- Occupation: Ilustrador
378 ## - FORMA COMPLETA DE NOMBRE PERSONAL
- Fuller form of personal name: Van Gool (André)
400 1# - VEÁSE - NOMBRE DE PERSONA
- Personal name: Gool, A. van
400 0# - VEÁSE - NOMBRE DE PERSONA
- Personal name: A. Van Gool
400 1# - VEÁSE - NOMBRE DE PERSONA
- Personal name: Lefèvre, Anne Marie
400 1# - VEÁSE - NOMBRE DE PERSONA
- Personal name: Lefèvre, A. M.
400 1# - VEÁSE - NOMBRE DE PERSONA
- Personal name: Loiseaux, M.
670 ## - FUENTE EN LA QUE SE LOCALIZARON DATOS
- Cita de la fuente: LC, 28 de frebrero de 2024
- Información localizada: (Gool, Van)
- Uniform Resource Identifier: https://lccn.loc.gov/no96020755
670 ## - FUENTE EN LA QUE SE LOCALIZARON DATOS
- Cita de la fuente: Mis primera palabras, 2003 :
- Información localizada: cubierta (A. Van Gool)
670 ## - FUENTE EN LA QUE SE LOCALIZARON DATOS
- Cita de la fuente: Mis primeros números, 2003:
- Información localizada: contracubierta (A. Van Gool)
670 ## - FUENTE EN LA QUE SE LOCALIZARON DATOS
- Cita de la fuente: Autoridades BNF, 28 de febrero de 2024:
- Información localizada: (A partir de 1993, signe avec Anne Marie Lefèvre et Michel Loiseaux sous le pseudonyme collectif "Van Gool". Naissance : 1931-10-29)
- Uniform Resource Identifier: http://ark.bnf.fr/ark:/12148/cb13092588j
670 ## - FUENTE EN LA QUE SE LOCALIZARON DATOS
- Cita de la fuente: ISNI, 28 de febrero de 2024:
- Información localizada: (artist, author, creator, illustrator. Van Gool (André))
- Uniform Resource Identifier: https://isni.org/isni/0000000116954616
902 ## - CATALOGADOR
- Catalogador: VíctorGodínez/270224
- Catalogador: MaríaRobles/280224
